000 00325nam a22001457a 4500
008 221010b ||||| |||| 00| 0 eng d
020 _a97803445440907
041 _aeng
080 _a610.73
082 _a610.73 HOG
100 _a9
101 _aINF
245 _aSECRETS OF THE BABY WHISPERER
_cHOGG T
942 _2udc
_cBK
999 _c58438
_d58438